00485nam a2200145Ia 4500008004100000041000800041082001400049100002100063245004500084260003500129300002800164365001300192999001500205952011900220240624s9999 xx 000 0 und d aeng a004.6 SUB aSUBRAMANIAN MANI aNETWORK MANAGEMENT PRINCIPLES AND PRACTI c2005aDelhibPearson Education axxiii, : 644 : cm. ; 24 cRSb31.5 c1752d1752 00104070aIMTNbIMTNcRock 1-Ad2005-01-17eJBDg350.00o004.6 SUBp1752r2024-06-24 00:00:00t1w2024-06-24yBK